| 000 | 01264nam a2200313Ia 4500 | ||
|---|---|---|---|
| 999 |
_c5418 _d5418 |
||
| 003 | OSt | ||
| 005 | 20200521130014.0 | ||
| 008 | 191128s1949 mx gr 000 0dspa d | ||
| 040 |
_aCO-JMCR _cCO-JMCR |
||
| 041 | 1 |
_aspa _heng |
|
| 082 | 0 | 4 |
_a330.092 / _bM363o _223 |
| 100 | 1 |
_aMarshall, Alfredo, _eautor _94673 |
|
| 245 | 1 | 0 |
_aObras escogidas / _cAlfredo Marshall ; introducción de J. M. Keynes ; selección de C. W. Guillebaud ; versión española de D. Fernández-Shaw |
| 250 | _aPrimera edición | ||
| 260 |
_aMéxico : _bFondo de Cultura Económica, _c1949 |
||
| 300 |
_alxxxiii, 294 páginas ; _c24 cm. |
||
| 490 | 0 |
_aSección de obras de economía. Las obras maestras ; _v1 |
|
| 504 | _aBibliografía: páginas 281-292. | ||
| 505 | _aTeoría del valor -- Moneda y precios -- Comercio internacional -- Bienestar social -- Historia y geografía económicas | ||
| 534 | _pEssays in biography | ||
| 546 | _aTraducido del inglés | ||
| 650 | 1 | 4 |
_aTeoría del valor _94674 |
| 650 | 2 | 4 |
_aComercio internacional _94034 |
| 650 | 2 | 4 |
_aEconomía Industria Comercio _94675 |
| 700 | 1 |
_aKeynes, J. M. , _eintroducción _94627 |
|
| 700 | 1 |
_aGuillebaud, C. W., _eselector _94676 |
|
| 700 | 1 |
_aFernández-Shaw, D., _etraductor _94677 |
|
| 942 |
_2ddc _cBK |
||